000 04857namaa22004091i 4500
003 OSt
005 20260404132002.0
008 250827s2025 ua a|||frm||| 000 0 eng d
040 _aEG-GICUC
_bara
_cEG-GICUC
_dEG-GICUC
_erda
041 0 _aara
_bara
_beng
049 _aإيداع
082 0 4 _a150
092 _a150
_221
097 _aدكتوراه‎
099 _aCai01.02.11.Ph.D.2025.سا.د
100 0 _a،سَاره مَحمود حسين محمد
_eإعداد.
245 1 0 _aدور استراتيجيات مواجهة الضغوط والمساندة الاجتماعية فِي تعديل العلاقة بين الشعور بالوصمة وأعراض اضطراب التوافق لدى المنتكسين والمتعافين من الاعتماد على المواد النفسية /
_cإعداد سَاره مَحمود حسين محمد؛ إشراف أ.د/ شعبان جاب الله رضوان.
246 1 5 _aThe role of coping strategies and social support in moderating the relation between stigma and symptoms of adjustment disorder among relapsing and recovered from dependence on psychoactive substances /
264 0 _c2025.
300 _a215 ورقة :
_bإيضاحيات ؛
_c25 سم. +
_eCD.
336 _atext
_2rda content
337 _aUnmediated
_2rdamedia
338 _avolume
_2rdacarrier
502 _aأطروحة (دكتوراه)-جامعة القاهرة، 2025.
504 _aببليوجرافيا: صفحات 176-207.
520 _aهدفت الدراسةُ الراهنةُ إلى الكشف عن دور استراتيجيات مواجهة الضغوط والمساندة الاجتماعية فِي تعديل العلاقة بين الشعور بالوصمة والتوافق لدى المنتكسين والمتعافين من الاعتماد على المواد النفسية. وتكونت العينة من مجموعتين رئيستين؛ مجموعة المتعافين والمنتكسين من الاعتماد على المواد النفسية، وأسفرت نتائج الدراسة عن وجود علاقة بين كل من الشعور بالوصمة والتوافق، واستراتيجيات مواجهة الضغوط والتوافق، والمساندة الاجتماعية والتوافق وذلك لدى المنتكسين والمتعافين من الاعتماد على المواد النفسية، كما تُؤدي استراتيجيات مواجهة الضغوط و المساندة الاجتماعية دورًا معدلًا بين الشعور بالوصمة والتوافق لدى المنتكسين والمتعافين من الاعتماد على المواد النفسية، وتوجد فروق بين المنتكسين والمتعافين من الاعتماد على المواد النفسية في كل من استراتيجيات المواجهة السلبية والشعور بالوصمة ومظاهر اضطراب التوافق(في اتجاه المنتكسين) وفي واستراتيجيات المواجهة الإيجابية والمساندة الاجتماعية (في اتجاه المتعافين).
520 _aThe study aimes to exameined The Role of Coping Strategies and Social Support in Moderating the Relation between Stigma and Adjustment among Relapsing and Recovered from Dependence on Psychoactive Substances. The sample included two main groups the relapsed group and the recovered group from the dependence on psychoactive substances. The results showed correlation between Stigma and Adjustment and Coping Strategies and Adjustment and Social Support, Adjustment and that is among patients who relapsed and patients who recovered from the dependence on psychoactive substances.It also showed of Coping Strategies and Social Support Moderation The Relationship Between Stigma and Adjustment for both groups, There are also differences between Relapses and Those Recovering From Dependence On Psychological Substances. The relapsed group showed negative coping strategies and feelings of stigma where the recovered group showed positive coping strategies, social support and adjustment.
530 _aصدر أيضًا كقرص مدمج.
546 _aالنص بالعربية والملخص باللغة الإنجليزية والعربية.
650 7 _aعلم النفس
_2qrmak
653 0 _aاستراتيجيات مواجهة الضغوط
_aالمساندة الاجتماعية
_aالشعور بالوصمة
700 0 _aشعبان جاب الله رضوان
_eمشرف أطروحة.
900 _b15-02-2025
_cشعبان جاب الله رضوان
_dعزة عبد الكريم فرج
_dهناء أحمد شويخ
_Uجامعة القاهرة
_Fكلية الآداب
_Dقسم علم النفس
905 _aSara
_eAfaf
942 _2ddc
_cTH
_e21
_n0
999 _c178654